Cuộc sống của trẻ em ở lại thôn quê Việt Nam /

Bewaard in:
Bibliografische gegevens
Hoofdauteur: Trần Thị Minh Thi.
Formaat: Artikel
Taal:Vietnamese
Onderwerpen:
Tags: Voeg label toe
Geen labels, Wees de eerste die dit record labelt!
Thư viện lưu trữ: Thư viện Trường Đại học Đà Lạt
LEADER 00788nam a2200265 4500
001 DLU170180705
005 ##20170829
040 # # |a DLU  |b vie 
041 # # |a vie 
044 # # |a vn 
100 # # |a Trần Thị Minh Thi. 
245 # # |a Cuộc sống của trẻ em ở lại thôn quê Việt Nam /  |c Trần Thị Minh Thi. 
653 # # |a Di cư ở Việt Nam 
653 # # |a Gia đình 
653 # # |a Hệ quả xã hội 
653 # # |a Trẻ em 
773 # # |t Nghiên cứu gia đình và giới  |g Số 4, 2015, tr. 61-68 
920 # # |a Phòng Tạp chí -- Trung tâm Thông tin - Thư viện Trường Đại học Đà Lạt 
900 # # |a True 
911 # # |a Nguyễn Thị Thu Phương 
925 # # |a G 
926 # # |a A 
927 # # |a BB 
980 # # |a Thư viện Trường Đại học Đà Lạt